Diseño de experimentos : soluciones con sas y spss

Guardado en:
Autor Principal: Vicente, María Lina
Otros Autores: Girón, Pedro, Nieto, Carmen, Pérez, Teresa
Formato: Libro
Publicado: España : Pearson/prentice Hall, 2005
Materias:
Sas
Etiquetas: Agregar Etiqueta
Sin Etiquetas, Sea el primero en etiquetar este registro!
LEADER 01225nam a22002775a 4500
001 CEM.cems017515
005 20110506092402.0
008 130507s2005##################000#0#####d
003 CEMS
020 |a 8420544094 
082 0 4 |a 519.5 
100 1 |a Vicente, María Lina 
245 1 0 |a Diseño de experimentos :  |b soluciones con sas y spss 
260 |a España :  |b Pearson/prentice Hall,  |c 2005 
300 |a 383 p. + 1 CD-ROM 
505 0 |a Cap. 1: Diseño unifactorial -- Cap. 2: Diseño por bloques aleatorizados y cuadrados latinos -- Cap. 3: Diseño factoriales -- Cap. 4: Diseños anidados y cruzados anidados -- Cap. 5: Análisis de la covarianza -- Cap. 6: Iniciación de los diseños factoriales 2k -- Cap. 7: Colección de problemas propuestos -- Cap.8: Diseños de experimentos con SPSS v.11.5 -- Cap. 9: Diseño de experimentos con SAS v. 8e -- Anexo: Curvas de operación característica 
653 |a Estadística 
653 |a Teoría de muestras 
653 |a Diseño de experimentos 
653 |a Estadística descriptiva 
653 |a Sas 
653 |a Spss 
700 1 |a Girón, Pedro 
700 1 |a Nieto, Carmen 
700 1 |a Pérez, Teresa 
859 |a CEMS  |b BIB. CEMS - Agricultura  |h 519.5  |i V662  |p A1277.11  |t Ej.1